| 000 | 01405nam a2200313 i 4500 | ||
|---|---|---|---|
| 001 | 184248 | ||
| 003 | ES-MaACL | ||
| 005 | 20250806063142.0 | ||
| 008 | 150529s2014 sp ao c |||| |dspa d | ||
| 017 |
_aM 32278-2014 _bOficina Depósito Legal Madrid |
||
| 020 | _a978-84-451-3498-6 | ||
| 080 | _a929 Vega, Lope de (060.64) | ||
| 080 | _a821.134.2 Vega, Lope de (060.64) | ||
| 245 | 0 | 0 |
_aEs Lope : _b[exposición, Casa Museo de Lope de Vega, del 25 de noviembre de 2014 hasta el 1 de febrero de 2015] / _c[comisario, José Manuel Sánchez Ron ; autores de los textos, Francisco Rico ... et al.] |
| 260 |
_aMadrid : _bComunidad de Madrid : _bReal Academia Española, _c[2014] |
||
| 300 |
_a117 páginas : _bilustraciones (blanco y negro y color) ; _c24 cm _e |
||
| 500 | _aCronología | ||
| 600 | 1 | 4 |
_aVega, Lope de, _d1562-1635- _vExposiciones _9113566 |
| 655 | 7 |
_aCatálogos de exposiciones _2tgfbne _9193628 |
|
| 700 | 1 |
_aSánchez Ron, José Manuel, _d1949- _eorm _9102904 |
|
| 700 | 1 |
_aRico, Francisco, _d1942- _eaut _997012 |
|
| 710 | 2 |
_aCasa Museo Lope de Vega _ehis _9193698 |
|
| 710 | 1 |
_aMadrid (Comunidad Autónoma) _eedt _95587 |
|
| 710 | 2 |
_aReal Academia Española _eedt _96336 |
|
| 852 |
_aES-MaACL _bR.150381 _cDEPO1 _dOlim: N-6489 _hDonación Comunidad de Madrid _jA-13489 _9191233 |
||
| 942 |
_2udc _cMONOGRAFIA _n0 |
||
| 999 |
_c184248 _d184248 |
||